| 000 | 00588nam a22001817a 4500 | ||
|---|---|---|---|
| 999 |
_c138955 _d138955 |
||
| 005 | 20230711124809.0 | ||
| 010 | _aENG-117773 ENG-137351 | ||
| 020 |
_c250.00 _a9789352618156 |
||
| 035 | _aEN-101305 EN-120883 | ||
| 037 | _bDBAD/PUB | ||
| 082 | _a181.499 | ||
| 100 | _aJoshi, Vasant | ||
| 245 |
_aSpectrum of mindfulness : _cby Vasant Joshi _bOsho insights into inner ecology / |
||
| 260 |
_aNew Delhi` _bDiamond Pocket _c2017 |
||
| 270 |
_aX-30, Okhla industrial area, Phase-II _bNew Delhi _e110020 |
||
| 300 |
_a346p. _c22cm(pbk) |
||
| 942 |
_2ddc _cEN _h181.499 _mJOS |
||